00487nam a2200193Ia 4500008004100000041001200041082001200053100004000065245002800105260003400133300000800167365000800175520001400183546001200197630002800209650001400237655001400251730002800265101110s9999 xx 000 0 und d aENGLISH bSR34624 aBhattacharya Ira, Rao Leena & other aOrganic chemistry TYBSC c2010bSheth pulishers, Mumbai a360 b135 aChemistry aENGLISH aOrganic chemistry TYBSC aChemistry aChemistry aOrganic chemistry TYBSC